Lokalizácia maloobchodných jednotiek na vybranom území (Trebišov) bakalárska práca

Saved in:
Bibliographic Details
Main Author: Vincejová, Radka
Corporate Author: Podnikovohospodárska fakulta EU so sídlom v Košiciach. Katedra marketingu a obchodu
Other Authors: Lieskovská, Vanda, 1961-
Format: Book
Language:Slovak
Published: Košice 2013
Tags: Add Tag
No Tags, Be the first to tag this record!

MARC

LEADER 00000nbm a2200000 4500
001 0172271
005 20161109112040.2
041 0 |a slo 
044 |a SK 
245 1 0 |a Lokalizácia maloobchodných jednotiek na vybranom území (Trebišov)  |b bakalárska práca  |c Radka Vincejová ; školiteľ: Vanda Lieskovská 
264 1 |a Košice  |c 2013 
300 |a 41 s. 
100 1 |a Vincejová, Radka 
700 1 |a Lieskovská, Vanda, 1961- 
710 2 |a Podnikovohospodárska fakulta EU so sídlom v Košiciach. Katedra marketingu a obchodu